La enseñanza de lenguas modernas en los Estados Unidos : (Record no. 106438)

MARC details
000 -LEADER
campo de control de longitud fija 01299nam a2200289 i 4500
001 - NÚMERO DE CONTROL
campo de control 106438
003 - IDENTIFICADOR DE NÚMERO DE CONTROL
campo de control ES-MaACL
005 - FECHA Y HORA DE LA ÚLTIMA TRANSACCIÓN
campo de control 20240428063034.0
007 - CAMPO FIJO DE DESCRIPCIÓN FÍSICA--INFORMACIÓN GENERAL
campo de control de longitud fija t|
008 - DATOS DE LONGITUD FIJA--INFORMACIÓN GENERAL
campo de control de longitud fija 061120s1922 xxu |||| | spa d
040 ## - FUENTE DE CATALOGACIÓN
Centro/agencia transcriptor ES-MaACL
080 ## - NÚMERO DE LA CLASIFICACIÓN DECIMAL UNIVERSAL
Número de la Clasificación Decimal Universal 81-23:37(73)
100 1# - ENTRADA PRINCIPAL--NOMBRE DE PERSONA
Nombre de persona Wilkins, Lawrence A.,
9 (RLIN) 116857
Fechas asociadas al nombre 1878-
Término indicativo de función/relación Autor
245 13 - MENCIÓN DEL TÍTULO
Título La enseñanza de lenguas modernas en los Estados Unidos :
Resto del título conferencias dadas en el Centro de Estudios Históricos y en el Ateneo... durante el otoño de 1921 /
Mención de responsabilidad, etc. por Lawrence A. Wilkins.
246 ## - FORMA VARIANTE DEL TITULO
Título propio/Titulo breve España y los Estados Unidos
260 ## - PUBLICACIÓN, DISTRIBUCIÓN, ETC.
Lugar de publicación, distribución, etc. New York :
Nombre del editor, distribuidor, etc. Instituto de las Españas en los Estados Unidos,
Fecha de publicación, distribución, etc. 1922.
300 ## - DESCRIPCIÓN FÍSICA
Extensión 160 páginas ;
Dimensiones 25 cm.
500 ## - NOTA GENERAL
Nota general Precede al tít.: Junta para Ampliación de Estudios. Instituto de las Españas en los Estados Unidos
500 ## - NOTA GENERAL
Nota general Conferencia leída en el Ateneo de Madrid el 8 de diciembre de 1921, con el tít.: España y los Estados Unidos (p. 144-155)
610 24 - PUNTO DE ACCESO ADICIONAL DE MATERIA--NOMBRE DE ENTIDAD CORPORATIVA
Nombre de entidad corporativa o nombre de jurisdicción como elemento de entrada Ateneo de Madrid-
Subdivisión de forma Conferencias-
Subdivisión cronológica 1900-1939
9 (RLIN) 1907
650 #4 - PUNTO DE ACCESO ADICIONAL DE MATERIA--TÉRMINO DE MATERIA
Término de materia o nombre geográfico como elemento de entrada Lenguas modernas-
Subdivisión general Enseñanza-
Subdivisión geográfica Estados Unidos.
9 (RLIN) 14364
710 2# - ENTRADA AGREGADA--NOMBRE DE ENTIDAD CORPORATIVA
Nombre de entidad corporativa o nombre de jurisdicción como elemento de entrada Hispanic Institute in the United States.
Término indicativo de función/relación Editor
9 (RLIN) 4582
852 ## - LOCALIZACIÓN
Ubicación ES-MaACL
Ubicación en estantería Depósito 2
Número de control de estantería G-4230
942 ## - ELEMENTOS DE ENTRADA SECUNDARIOS (KOHA)
Tipo de ítem Koha Libro impreso
Suprimir en OPAC No
Holdings
Estatus retirado Estado de pérdida Estado de daño No para préstamo Colección Biblioteca de origen Biblioteca actual Ubicación en estantería Fecha de adquisición Fuente de adquisición Total de préstamos Signatura topográfica completa Código de barras Visto por última vez Precio de reemplazo Tipo de ítem Koha
        Fondo Ateneo de Madrid Biblioteca del Ateneo de Madrid Biblioteca del Ateneo de Madrid Depósito 2 17/01/2008     G-4230 1111109 23/02/2023 23/02/2023 Libro impreso